书目信息 |
| 题名: |
岁月情缘
|
|
| 作者: | 赵忠祥 著 | |
| 分册: | ||
| 出版信息: | 北京 作家出版社 1999.11 |
|
| 页数: | 408页 | |
| 开本: | 32开 | |
| 丛书名: | ||
| 单 册: | ||
| 中图分类: | I267 | |
| 科图分类: | ||
| 主题词: | 散文--中国 , 散文--作品综合集--中国 | |
| 电子资源: | ||
| ISBN: | 7-5063-1705-2 | |
| 000 | 00567nam0 2200205 45 | |
| 001 | 0011161992 | |
| 005 | 20010612101435.0 | |
| 010 | @a7-5063-1705-2@d22.00元 | |
| 100 | @a20001116d1999 km y0chiy0120 ea | |
| 101 | 0 | @achi |
| 105 | @a z 000yy | |
| 200 | 1 | @a岁月情缘@ASui Yue Qing Yuan@f赵忠祥 著@FZhao ZhongXiang Zhu |
| 210 | @a北京@c作家出版社@d1999.11 | |
| 215 | @a408页@d32开 | |
| 606 | 0 | @a散文@x中国 |
| 606 | 0 | @a散文@x作品综合集@x中国 |
| 690 | @aI267@v3 | |
| 701 | 0 | @a赵忠祥@4著 |
| 801 | @aCN@bPftUser@c20001116 | |
| 905 | @dI267@eZH905/10@f5@b346776-780 | |
| 岁月情缘/赵忠祥 著.-北京:作家出版社,1999.11 |
| 408页;32开 |
| ISBN 7-5063-1705-2:22.00元 |
| ● |
| 相关链接 |
|
|
|
正题名:岁月情缘
索取号:I267/ZH905/10
 
预约/预借
| 序号 | 登录号 | 条形码 | 馆藏地/架位号 | 状态 | 备注 |
| 1 | 346776 | 203467765 | 社科二线422/422社科库 27排2列4层/ [索取号:I267/ZH905/10] | 在馆 | |
| 2 | 346777 | 203467774 | 社科二线422/422社科库 31排3列3层/ [索取号:I267/ZH905/10] | 在馆 | |
| 3 | 346778 | 203467783 | 文学库116/ [索取号:I267/ZH905/10] | 在馆 | |
| 4 | 346779 | 203467792 | 自科二线504/422社科库 48排3列3层/ [索取号:I267/ZH905/10] | 在馆 | |
| 5 | 346780 | 203467809 | 自科二线504/422社科库 24排1列4层/ [索取号:I267/ZH905/10] | 在馆 |